| 000 | 00858nam a2200241Ia 4500 | ||
|---|---|---|---|
| 003 | OSt | ||
| 005 | 20210811142119.0 | ||
| 008 | 210310q1983 ck gr 000 0 spa d | ||
| 040 |
_aCO-JMCR _cCO-JMCR |
||
| 041 | 0 | _aspa | |
| 082 | 0 | 4 |
_a658.1554 / _bC824m _223 |
| 110 | 2 |
_aCorredores Asociados S.A. _938706 |
|
| 245 | 1 | 0 |
_aManual para el cálculo de rentabilidades / _cCorredores Asociados S.A. |
| 250 | _a3a. Edición | ||
| 260 |
_aBogotá : _bCorredores Asociados S.A., _c[1983] |
||
| 300 |
_a143 páginas ; _c24 cm. |
||
| 505 | 0 | _aLa inversión a través de las bolsas de valores -- Relaciones de equivalencia -- Títulos valores negociables en las bolsas de valores -- Los indicadores bursátiles | |
| 650 | 1 | 4 |
_aFinanzas _916941 |
| 650 | 2 | 4 |
_aRentas _96044 |
| 650 | 2 | 4 |
_aSeguros _98558 |
| 650 | 2 | 4 |
_aMatemáticas financieras _910647 |
| 942 |
_2ddc _cBK |
||
| 999 |
_c8322 _d8322 |
||